| 000 | 00657nam a22001217a 4500 | ||
|---|---|---|---|
| 040 | _cRUA | ||
| 082 | _aAVM SAN 2025 B705 Or.1 | ||
| 100 | _aSAN PASSEMA, សាន ប៉ះសីម៉ា | ||
| 245 | _aCase of escherichia coli antimicrobial resistance on piglets in trapeang phlang commune , chhouk district, kampot province, ករណី Escherichia Coli ស៊ាំនឹងឳសថអង់ទីប៊ីយ៉ូទិកលើកូនជ្រូក នៅឃុំត្រពាំងភ្លាំង ស្រុកឈូក ខេត្តកំពត | ||
| 260 |
_aPHNOM PENH _bRUA _c2025 |
||
| 300 |
_aix,36p. _bill. _c29cm. |
||
| 942 | _cAVM | ||
| 999 |
_c25807 _d25807 |
||